Sports Quiz

Random Sports or Quote Quiz
Score 0/28 Timer 06:00
143 Plays Today
% Correct
life
92.9%
broken
92.9%
enough
92.7%
player
92.6%
win
92.2%
ears
92.2%
you
91.7%
team
91.3%
amphibious
91.2%
up
90.8%
better
90.6%
again
90.3%
tranquility
90.3%
time
90.2%
% Correct
practice
89%
trying
87.4%
baseball
86.9%
early
86.5%
happen
86.1%
physical
84.5%
struggle
83.8%
do
83.4%
courageous
82.2%
guts
81.2%
pass
80.5%
vacuuming
74%
hit
73.5%
mean
64.9%
Remove Ads.
Support Sporcle.
Get the best of Sporcle when you Go Orange. This ad-free experience offers more features, more stats, and more fun while also helping to support Sporcle. Thank you for becoming a member.

You're not logged in!

Compare scores with friends on all Sporcle quizzes.
OR
Log In

Sporcle TV

Today on Sporcle TV


Watch our educational content, quiz creation guides, and fun videos on Sporcle TV.

Show Comments

Extras

Top Quizzes Today


Score Distribution

Paid Content

Your Account Isn't Verified!

In order to create a playlist on Sporcle, you need to verify the email address you used during registration. Go to your Sporcle Settings to finish the process.

Report this User

Report this user for behavior that violates our Community Guidelines.

Details: